| 000 | 00958nam a22003017a 4500 | ||
|---|---|---|---|
| 003 | CHAP | ||
| 005 | 20220329134542.0 | ||
| 008 | 971013s1976 r 00010 d | ||
| 010 | _a22091 | ||
| 011 | _a23063 | ||
| 035 | _a27158 | ||
| 040 | _cCHAP | ||
| 090 | _aFolleto 6847 | ||
| 100 | 0 | 0 |
_aCohen, A. _924360 |
| 245 | _aCitrus fertilization | ||
| 260 |
_aBern : _bInternational Potash Institute, _c1976 |
||
| 300 |
_a45 p. _b: ilus.; gráfs. |
||
| 590 |
_aBATCH-UPD _b10 _c20130110 _lUCH01 _h1749 |
||
| 590 |
_aBATCH-UPD _b10 _c20130410 _lUCH01 _h1127 |
||
| 590 |
_aBATCH-UPD _b10 _c20130914 _lUCH01 _h1359 |
||
| 590 |
_aCONVERSION _b10 _c20130109 _lUCH01 _h1313 |
||
| 650 | 1 | 4 |
_aFertilizantes _xEfecto en cítricos. _940499 |
| 710 | 0 |
_aInstituto Internacional de la Potasa. _959229 |
|
| 901 | _aBK | ||
| 942 | _cFOLL | ||
| 949 |
_aFolleto 6847 _bBC _cFOLL _d-62841 _eTS1 _i27158 _si _t72.00 |
||
| 949 |
_aFolleto 6847 _bBC _cFOLL _d-62842 _eTS2 _fc.2 _i27158 _si _t72.00 |
||
| 999 |
_c22091 _d22091 |
||